000 00358 a2200133 4500
005 20250528121357.0
020 _a9966-25-113-8
082 _aLECT 320.96 ROD
100 _aRODNEY, W.
245 _aHow Europe Underdeveloped Africa
260 _aNairobi,
_bEast African Educational Publishers,
_c1972.
300 _axxiv, 312p.
_bIndex.
_c23cm.
942 _2ddc
_cBKS
999 _c2020
_d2020